Vanishing daughters / Cynthia Pelayo.
Available copies
- 1 of 1 copy available at LARL/NWRL Consortium. (Show)
- 1 of 1 copy available at Lake Agassiz Regional Library.
Current holds
1 current hold with 1 total copy.
Show Only Available Copies
| Location | Call Number / Copy Notes | Barcode | Shelving Location | Status | Due Date |
|---|---|---|---|---|---|
| Crookston Public Library | PEL (Text) | 33500014166144 | Main | Available | - |
Record details
- ISBN: 9781662513930
- ISBN: 1662513933
- Physical Description: 317 pages ; 22 cm.
- Publisher: Seattle : Thomas & Mercer, [2025]
- Copyright: ©2025
Content descriptions
| Summary, etc.: | Haunted by eerie visions and restless spirits, ... Read More |
Search for related items by subject
| Subject: | Serial murderers > Fiction. Murder > Investigation > Fiction. Nightmares > Fiction. Grief > Fiction. Women > Crimes against > Fiction. Chicago (Ill.) > Fiction. |
| Genre: | Thrillers (Fiction) Gothic fiction. Horror fiction. Novels. |
| LDR | 02170cam a2200541Mi 4500 | ||
|---|---|---|---|
| 001 | 448418 | ||
| 003 | LARL_NWRL_CONSORTIUM | ||
| 005 | 20250311165806.0 | ||
| 008 | 250218t20252025wau e 000 1 eng d | ||
| 040 | . | ‡aJQF ‡beng ‡erda ‡cJQF ‡dOCLCO ‡dIG# ‡dSDD ‡dGO6 ‡dRNL ‡dOCLCO ‡dIUK | |
| 020 | . | ‡a9781662513930 ‡q(paperback) | |
| 020 | . | ‡a1662513933 | |
| 035 | . | ‡a(OCoLC)1500630747 | |
| 043 | . | ‡an-us-il | |
| 082 | 0 | 4. | ‡a813/.6 ‡223/eng/20250218 |
| 100 | 1 | . | ‡aPelayo, Cynthia, ‡eauthor. ‡1https://id.oclc.org/worldcat/entity/E39PCjrwqPHJCKVyThjH69mx8P |
| 245 | 1 | 0. | ‡aVanishing daughters / ‡cCynthia Pelayo. |
| 264 | 1. | ‡aSeattle : ‡bThomas & Mercer, ‡c[2025] | |
| 264 | 4. | ‡c©2025 | |
| 300 | . | ‡a317 pages ; ‡c22 cm. | |
| 336 | . | ‡atext ‡btxt ‡2rdacontent | |
| 337 | . | ‡aunmediated ‡bn ‡2rdamedia | |
| 338 | . | ‡avolume ‡bnc ‡2rdacarrier | |
| 520 | . | ‡aHaunted by eerie visions and restless spirits, Briar Thorne investigates a string of murders tied to a Chicago serial killer, uncovering a chilling connection between her nightmares and the key to stopping the killer before she becomes his next victim. | |
| 650 | 0. | ‡aSerial murderers ‡vFiction. ‡0(LARL_NWRL_CONSORTIUM)167313 | |
| 650 | 0. | ‡aMurder ‡xInvestigation ‡vFiction. ‡0(LARL_NWRL_CONSORTIUM)166203 | |
| 650 | 0. | ‡aNightmares ‡vFiction. | |
| 650 | 0. | ‡aGrief ‡vFiction. ‡0(LARL_NWRL_CONSORTIUM)165491 | |
| 650 | 0. | ‡aWomen ‡xCrimes against ‡vFiction. ‡0(LARL_NWRL_CONSORTIUM)167995 | |
| 651 | 0. | ‡aChicago (Ill.) ‡vFiction. ‡0(LARL_NWRL_CONSORTIUM)164108 | |
| 653 | . | ‡aTWIST ENDING ‡aWINDY CITY ‡aFAIRYTALE ‡aHISTORICAL CHICAGO ‡aDARK STORIES | |
| 655 | 7. | ‡aThrillers (Fiction) ‡2lcgft | |
| 655 | 7. | ‡aGothic fiction. ‡2lcgft | |
| 655 | 7. | ‡aHorror fiction. ‡2lcgft | |
| 655 | 7. | ‡aNovels. ‡2lcgft | |
| 901 | . | ‡a448418 ‡bOCoLC ‡c448418 ‡tbiblio ‡soclc | |

Add to basket
Permalink
Disable Highlighting